Statistics for Songs About Love

Click here to take the quiz!

General Stats

  • This quiz has been taken 33 times
  • The average score is 7 of 20

Answer Stats

ArtistSongLyric% Correct
The BeatlesAll You Need Is LoveThere's nothing you can do that can't be done Nothing you can sing that can't be sung
72%
Tina TurnerWhat's Love Got to Do with ItWhat's love but a second hand emotion
72%
Joan Jett & the BlackheartsI Love Rock 'n' RollI saw him dancin' there by the record machine I knew he must a been about seventeen
55%
The SupremesStop in the Name of Love____ __ ___ ____ __ ____ Before you break my heart
48%
Air SupplyAll Out of LoveI'm so lost without you I know you were right believing for so long
45%
The Righteous BrothersYou've Lost That Lovin' Feelin'You never close your eyes anymore when I kiss your lips And there's no tenderness like before in your fingertips
45%
Bobby DarinDream LoverI want a _____ _____ So I don't have to dream alone
38%
Elvis PresleyLove Me TenderAll my dreams fulfill For my darling I love you And I always will
38%
CreamSunshine of Your LoveIt's getting near dawn When lights close their tired eyes I'll soon be with you my love,
38%
Led ZeppelinWhole Lotta LoveYou need cooling Baby I'm not fooling I'm gonna send ya Back to schooling
34%
The ContoursDo You Love Me__ ___ ____ __ Now that I can dance
31%
Percy Sledge / Michael BoltonWhen a Man Loves a WomanCan't keep his mind on nothin' else He'd trade the world For a good thing he's found
31%
The DoorsLove Her MadlyDon't ya need her badly Don't ya love her ways
28%
Jefferson AirplaneSomebody to LoveWhen the truth is found To be lies And all the joy Within you dies
24%
The Shirelles / Amy WinehouseWill You Still Love Me TomorrowIs this a lasting treasure Or just a moment's pleasure Can I believe the magic of your sighs
24%
The Young RascalsGood Lovin"I was feelin' so bad I asked my family doctor just what I had,
21%
Def LeppardLove BitesI don't want to touch you too much baby 'Cause making love to you might drive me crazy
17%
The Bee GeesTo Love SomebodyThere's a light A certain kind of light That never shone on me
17%
J Geils BandLove StinksYou love her But she loves him And he loves somebody else You just can't win
14%
Dusty Springfield / Diana KrallThe Look of Love___ ____ __ ____ Is saying so much more than Just words could ever say
14%

Score Distribution

Percentile by Number Answered

Percent of People with Each Score

Your Score History

You have not taken this quiz